000 00308nam a22001337a 4500
082 _a 519.4 BUR
100 _a Burden, Richard L.
245 _a Numerical Analysis
250 _a8th ed.
260 _aUSA
_bBrooks Cole
_c2004
300 _a xiv, 847 p.
650 _aNumerical analysis.
942 _cBK
999 _c12700
_d12700